Práca s deťmi v Okresnej knižnici v Žiline

Bibliographic Details
Main Author: Šináková, Klára (Author)
Format: Article
Language:Slovak
Subjects:

MARC

LEADER 00000nab a2200000 a 4500
001 vtls010077613
003 SK-MaSNL
005 20260304075528.0
008 140414 1973 xo m p 000 0 slo
015 |a SNBRB2010/03  |2 snkbucl 
040 |a SNKBUCL  |b slo  |c SNKBUCL  |e AACR2 
041 0 |a slo 
044 |a xo  |c SK 
080 |a 027.53  |x (437.6)  |2 2001 
080 |a 027.625  |2 2001 
100 1 |a Šináková, Klára  |4 aut  |9 1366027 
245 1 0 |a Práca s deťmi v Okresnej knižnici v Žiline  |c Klára Šináková 
610 2 7 |a Okresná knižnica (Žilina, Slovensko)  |2 snkbucl  |9 32745 
650 0 7 |a práca s deťmi a mládežou  |2 snkbucl  |9 265636 
773 0 |t Čitateľ  |g Roč. 22, č. 12 (1973), s. 455-456 
958 |a SK 
999 |c 2781902  |d 2783832